Cartilla IVA e INC 2018

Bibliographic Details
Main Author: Chavarro Cadena, Jorge Enrique
Format: eBook
Language:Spanish
Published: Bogot:̀ Grupo Editorial Nueva Legislacin̤, 2018
Subjects:
Online Access:Acceso restringido

MARC

LEADER 00000nam a22000007a 4500
005 20180928003432.0
007 cr|||| ||||
008 180928s2018 co |||||s|||| 00||0 spa d
020 |a 978-958-56259-4-5 
035 |a 21918 
040 |a vLex 
090 |c 8144  |d 8144 
100 1 |a Chavarro Cadena, Jorge Enrique 
245 1 0 |a Cartilla IVA e INC 2018  |h [Recurso electrn̤ico] /  |c Jorge Enrique Chavarro Cadena 
256 |a Servicio en ln̕ea 
260 |a Bogot:̀  |b Grupo Editorial Nueva Legislacin̤,  |c 2018 
300 |a 1 recurso electrn̤ico 
506 1 |a Disponible solo en los productos indicados  |d vLex Global  |d vLex Global (Academic Edition, excluding Law Schools)  |d vLex Global (U.S. Academic Edition, Law Schools)  |d vLex Global (U.S. Academic Edition, excluding Law Schools)  |d vLex Global (Academic Edition, Law Schools) 
650 0 4 |a Derecho Fiscal  |z Colombia 
650 0 4 |a IVA  |z Colombia 
740 0 |a vLex Libros (Servicio en ln̕ea) 
856 4 0 |u http://vlex.com/source/cartilla-iva-e-inc-2018-21918  |z Acceso restringido 
942 |c BOOK 
999 0 |a Tax Law 
999 0 |a VAT